000 00640nam a2200193 a 4500
999 _c395
_d395
001 395
003 CDMR
005 20241112113732.0
008 130130s1998||||||||||||||||||||||||||||d
020 _a8492028971
040 _aCDMR
_bcat
_cCPC GIRONA
100 1 _aSaura, Víctor
_9275
245 1 0 _aCarlins, capellans, cotoners i convergents
_b: història d'"El Correo Catalán" (1876-1985)
_c/ Víctor Saura
260 _aBarcelona :
_bDiputació de Barcelona :
_bCol·legi de Periodistes de Catalunya,
_c1998
300 _a150 pàgines
490 0 _aVaixells de Paper
_v; 24
610 1 _92820
_aCorreo Catalàn
_xHistòria
942 _cMON
_2udc